Expressionism
Αποθηκεύτηκε σε:
| Κύριος συγγραφέας: | |
|---|---|
| Άλλοι συγγραφείς: | , |
| Μορφή: | Βιβλίο |
| Γλώσσα: | English German |
| Δημοσίευση: |
Köln :
Taschen,
c2004.
|
| Θέματα: | |
| Ετικέτες: |
Προσθήκη ετικέτας
Δεν υπάρχουν, Καταχωρήστε ετικέτα πρώτοι!
|
MARC
| LEADER | 00000cam a2200000 i 4500 | ||
|---|---|---|---|
| 001 | 1/24959 | ||
| 008 | 060224s2004 gw | ||| |||| ||eng|| | ||
| 020 | |a 3822821268 | ||
| 035 | |l 10082795 | ||
| 040 | |a GR-MyUa |b gre |e AACR2 | ||
| 041 | 1 | |a eng |h ger | |
| 082 | 7 | |a 709.04042 |2 (22) | |
| 100 | 1 | |a Wolf, Norbert, |d 1949- | |
| 245 | 1 | 0 | |a Expressionism / |c Norbert Wolf ; Uta Grosenick, (Eds.) ; english translation: John Gabriel. |
| 260 | |a Köln : |b Taschen, |c c2004. | ||
| 300 | |a 96 σ. : |b έγχρ. εικ. ; |c 23 εκ. | ||
| 650 | 0 | |a Expressionism (Art) | |
| 700 | 1 | |a Grosenick, Uta, |e edt | |
| 700 | 1 | |a Gabriel, John, |e trl | |
| 852 | |a INST |b SYROS |e 20060224 |h 709.04042 WOL |p 005500004967 |q 005500004967 |t BK |y 0 | ||
| 901 | |a BIBL5-2006-1 | ||
| 922 | |a 5ΕΛΗ |b 200511 |c Βιβλιοθήκη Σύρου |d Σελεφαΐς | ||
| 970 | |a Κοντού |b ΠΑαρασκευή |z 24/02/2006 | ||